书目信息 |
| 题名: |
皮肤病方剂药物手册
|
|
| 作者: | ;西安医学院第一附属医院皮肤科药剂科 , 西安医学院第二附属医院皮肤科药剂科 编 | |
| 分册: | ||
| 出版信息: | 西安 陕西人民出版社 1977 |
|
| 页数: | 564页 | |
| 开本: | 19cm | |
| 丛书名: | ||
| 单 册: | ||
| 中图分类: | R751-62 | |
| 科图分类: | ||
| 主题词: | 皮肤病学 , 皮肤病 , 皮炎 | |
| 电子资源: | ||
| ISBN: | ||
| 000 | 00902nam0 2200277 45 | |
| 001 | 0177001919 | |
| 005 | 20040914082946.0 | |
| 010 | @b精装@dCNY1.95 | |
| 091 | @a14094.29 | |
| 100 | @a19951012d1977 em y0chiy0121 ea | |
| 101 | 0 | @achi |
| 102 | @aCN@b610000 | |
| 105 | @af z 000yy | |
| 106 | @ar | |
| 200 | 10 | @a皮肤病方剂药物手册@Api fu bing fang ji yao wu shou ce@f西安医学院第一、二附属医院皮肤科药剂科编 |
| 210 | @a西安@c陕西人民出版社@d1977 | |
| 215 | @a564页@d19cm | |
| 606 | 0 | @a皮肤病学 |
| 606 | 0 | @a皮肤病 |
| 606 | 0 | @a皮炎 |
| 690 | @aR751-62 | |
| 711 | 02 | @a西安医学院第一附属医院皮肤科药剂科@Axi an yi xue yuan di yi fu shu yi yuan pi fu ke yao ji ke@4编 |
| 711 | 02 | @a西安医学院第二附属医院皮肤科药剂科@Axi an yi xue yuan di er fu shu yi yuan pi fu ke yao ji ke@4编 |
| 801 | 0 | @aCN@b广东省中山图书馆@c20040914 |
| 801 | 2 | @aCN@bNLC@c20040914 |
| 905 | @f1@b5943@dR751-62@e1 | |
| 皮肤病方剂药物手册/西安医学院第一、二附属医院皮肤科药剂科编.-西安:陕西人民出版社,1977 |
| 564页;19cm |
| ISBN (精装):CNY1.95 |
| ● |
| 相关链接 |
|
|
|
|
正题名:皮肤病方剂药物手册
索取号:R751-62/1
 
预约/预借
| 序号 | 登录号 | 条形码 | 馆藏地/架位号 | 状态 | 备注 |
| 1 | 0005943 | 000717068 | 工具书阅览室/ [索取号:R751-62/1] | 在馆 | |
| 2 | 0005944 | 000717086 | 第二样本阅览室/ [索取号:R751-62/1] | 在馆 |